000 00750cam a2200181 4500
001 ##WS135530
008 061106n 000 0 eng u
035 _a(Sirsi) u135530
041 0 _aeng
110 2 _aFederation Internationale des Geometres
_95065
245 0 0 _aXXIII International FIG Congress, 8-13 October 2006, Munich, Germany
_bproceedings
_bshaping the change
520 _aCongress website covering the technical and meetings programme, national reports including the UK, and the list of congress participants.
590 _aIKA141106
651 4 _aInternational
690 _aENVIRONMENTAL AND LAND CONSULTANCY-GEOMATICS
856 4 0 _uhttps://www.fig.net/pub/fig2006/
_zView the website free of charge at www.fig.net...
942 _n0
999 _c120533
_d120533